Normal view
MARC view
Entry Nombre de reunión
001 - NÚMERO DE CONTROL
- campo de control: 23207
003 - IDENTIFICADOR DEL NÚMERO DE CONTROL
- campo de control: FranzMayer
005 - FECHA Y HORA DE LA ÚLTIMA TRANSACCIÓN
- campo de control: 20190320210630.0
008 - DATOS DE LONGITUD FIJA
- campo de control de longitud fija: 190320|| aca||aabn | a|a d
040 ## - FUENTE DE LA CATALOGACIÓN
- Centro catalogador/agencia de origen: FranzMayer
- Centro/agencia transcriptor: FranzMayer
111 ## - ENCABEZAMIENTO--NOMBRE DE CONGRESO/REUNIÓN
- Nombre de congreso/reunión o jurisdicción como elemento de entrada: 44º Congreso Internacional de Americanistas
- Sede del congreso/Lugar de la reunión: Manchester (Inglaterra)
- Subdivisión de forma: Resúmenes
670 ## - FUENTE DE DATOS ENCONTRADOS
- Cita de la fuente: Work cat.: (FranzMayer): International Congress of Americanists (44° 1982 Manchester) 23206, Abstracts, 1982